Manažment logistiky v podmienkach Print on-demand
Analýza súčasného stavu a vývoj v tlačových médiách. Print on-demand – výzva pre logistiku. Internetový obchod. Distribúcia v ponímaní internetového predaja.
Salvato in:
| Autore principale: | |
|---|---|
| Natura: | Capitolo di libro |
| Lingua: | slovacco |
| Soggetti: | |
| Tags: |
Nessun Tag, puoi essere il primo ad aggiungerne!!
|
MARC
| LEADER | 00000nla a2200000 4500 | ||
|---|---|---|---|
| 001 | 0195578 | ||
| 005 | 20240502073300.8 | ||
| 041 | 0 | |a slo | |
| 044 | |a SK | ||
| 245 | 1 | 0 | |a Manažment logistiky v podmienkach Print on-demand |c Roman Šíp |
| 520 | |a Analýza súčasného stavu a vývoj v tlačových médiách. Print on-demand – výzva pre logistiku. Internetový obchod. Distribúcia v ponímaní internetového predaja. | ||
| 610 | 2 | 0 | |a manažment logistický |
| 610 | 2 | 0 | |a logistika |
| 610 | 2 | 0 | |a dokumenty |
| 610 | 2 | 0 | |a dokumenty elektronické |
| 610 | 2 | 0 | |a digitalizácia |
| 610 | 2 | 0 | |a obchod elektronický |
| 610 | 2 | 0 | |a internet |
| 610 | 2 | 0 | |a distribúcia |
| 100 | 1 | |a Šíp, Roman | |